| 000 | 01289cam a22002772a 4500 | ||
|---|---|---|---|
| 999 |
_c915 _d915 |
||
| 001 | .b14202669 | ||
| 003 | OSt | ||
| 005 | 20191226140957.0 | ||
| 008 | 151025s2015 nyua j 000 1 eng d | ||
| 020 | _a0062366971 | ||
| 020 |
_a9780062366979 _q(pbk.) : |
||
| 040 |
_aKUAS _beng _cDIPPER _erda |
||
| 041 | 0 | _aeng | |
| 042 | _anbic | ||
| 082 | _aFIC HUN | ||
| 100 | 1 |
_aHunter, Erin. _eauthor |
|
| 245 | 1 | 0 |
_aFire and ice / _cErin Hunter. |
| 260 |
_aNew York : _bHarper, an imprint of HarperCollins Publishers, _c2015. |
||
| 300 |
_a317, 16 pages : _billustrations ; map ; _c20 cm. |
||
| 440 |
_aWarriors ; _nbk 2. |
||
| 440 |
_aThe prophecies begin ; _nbk 2. |
||
| 520 | _aDeep in the heart of the forest, four clans of warrior cats coexist in uneasy harmony -- but uncertain times are upon them, and dangers threaten the precarious balance of the forest. Fireheart is a ThunderClan warrior cat now, but his troubles are far from over. As the chill of winter sets in, the cats of rival RiverClan grow restless, while WindClan is weak and facing threats from all sides. As tensions build to an explosive climax, Fireheart faces not only imminent battle, but betrayal from within his own Clan. | ||
| 650 | 0 |
_aCats _xJuvenile fiction. |
|
| 650 | 0 | _aFantasy fiction. | |
| 942 |
_2ddc _cFIC |
||